Measurement of consumer price changes by income classes
Na minha lista:
| Autor principal: | |
|---|---|
| Formato: | Livro |
| Idioma: | Undetermined |
| Publicado em: |
Tokyo
Kinokuniya Books-Store Co, Ltd.
1964
|
| Assuntos: | |
| Tags: |
Adicionar Tag
Sem tags, seja o primeiro a adicionar uma tag!
|
| Thư viện lưu trữ: | Trung tâm Học liệu Trường Đại học Cần Thơ |
|---|
| LEADER | 00475nam a2200169Ia 4500 | ||
|---|---|---|---|
| 001 | CTU_78863 | ||
| 008 | 210402s9999 xx 000 0 und d | ||
| 082 | |a 338.52 | ||
| 082 | |b I.64 | ||
| 100 | |a Ryotaro, Iochi | ||
| 245 | 0 | |a Measurement of consumer price changes by income classes | |
| 245 | 0 | |c Ryotaro Iochi | |
| 260 | |a Tokyo | ||
| 260 | |b Kinokuniya Books-Store Co, Ltd. | ||
| 260 | |c 1964 | ||
| 650 | |a Prices | ||
| 980 | |a Trung tâm Học liệu Trường Đại học Cần Thơ | ||